000
00338nam a22001217a 4500
999
_c
13617
_d
13617
082
_a
891.43
_b
م ب ا
100
_a
مبارک علی
245
_a
مغل دربار
260
_a
لاہور
_b
فکشن ہاؤس
_c
٢٠٠٤
300
_a
١٧١ صفحات
650
_a
Mughal Darbar, Mubarak Ali, History, Mughal Emperor
942
_c
BK